| 000 | 01206cam a22002895a 4500 | ||
|---|---|---|---|
| 001 | L158328 | ||
| 008 | 131008s2014 xxk f 000 0 eng d | ||
| 020 | _a9781848063846 | ||
| 020 |
_a9781848063921 _q(4-part set) |
||
| 035 | _a(Sirsi) u158328 | ||
| 041 | 0 | _aeng | |
| 100 | 1 | _aHolden, John | |
| 245 | 0 | 0 |
_aRenewable energy sources _bHow they work and what they deliver _nPart 3 _pElectrically driven heat pumps |
| 260 |
_aWatford _bBRE _c2014 |
||
| 300 |
_a8p. _bill. _c30cm. |
||
| 490 | 0 |
_aBRE Digest _v(DG 532-3) |
|
| 520 | _aDescribes the different types of heat pump system and how they operate. Installation requirements, including integration with the building's heating system, are also discussed and methods for estimating their annual energy performance are identified. | ||
| 520 | _aDepartment of Energy and Climate Change (DECC), installation standards and product certification scheme requirements available at www.microgenerationcertification.org. | ||
| 521 | _aAdvanced | ||
| 590 | _aKA | ||
| 650 | 2 | 4 | _aMicrogeneration Certification Scheme |
| 651 | 4 | _aENGLAND AND WALES | |
| 690 |
_aRenewables _96265 |
||
| 690 |
_aEnergy _96237 |
||
| 700 | 1 | _aRobinson, Patrick | |
| 942 | _n0 | ||
| 999 |
_c115267 _d115267 |
||